Malinový sen /

Hlavní autor: Benková, Jana, 1970-2026
Další autoři: Dobríková, Olga, 1969-
Jazyk: Čeština
Vydáno: Praha : Brána, 2015
Vydání: Vydání první
Témata:
Externí odkaz: Digitalizovaný dokument
Fyzický popis: 237 stran ; 20 cm
Knihy
Uloženo v:
LEADER 01507nam a2200433 i 4500
001 nkc20152732097
003 CZ PrNK
005 20260409235006.0
007 ta
008 150921s2015 xr g 000 f cze
015 |a cnb002732097 
020 |a 978-80-7243-801-3  |q (vázáno) 
035 |a (OCoLC)928740716 
040 |a OLA001  |b cze  |d ABA001  |e rda 
041 1 |a cze  |h slo 
072 7 |a 821.162.4  |x Slovenská literatura  |2 Konspekt  |9 25 
080 |a 821.162.4-31  |2 MRF 
080 |a (0:82-312.5)  |2 MRF 
100 1 |a Benková, Jana,  |d 1970-2026  |7 xx0167991  |4 aut 
240 1 0 |a Malinový sen.  |l Česky 
245 1 0 |a Malinový sen /  |c Jana Benková ; přeložila Olga Dobríková 
250 |a Vydání první 
264 1 |a Praha :  |b Brána,  |c 2015 
300 |a 237 stran ;  |c 20 cm 
336 |a text  |b txt  |2 rdacontent 
337 |a bez média  |b n  |2 rdamedia 
338 |a svazek  |b nc  |2 rdacarrier 
500 |a Přeloženo ze slovenštiny 
655 7 |a slovenské romány  |7 fd133450  |2 czenas 
655 7 |a milostné romány  |7 fd132840  |2 czenas 
655 9 |a Slovak fiction  |2 eczenas 
655 9 |a love novels  |2 eczenas 
700 1 |a Dobríková, Olga,  |d 1969-  |7 xx0078158  |4 trl 
856 4 1 |u https://www.digitalniknihovna.cz/mzk/uuid/uuid:bce88f49-d59b-11f0-9a2c-5235baf23ec9  |y Digitalizovaný dokument  |x NDK 
910 2 |a BOA001  |b 1-1354.136 
990 |a BK 
995 |a 01 
991 |b 201509  |c NOV  |e b 
996 6 |b 2610644502  |c 1-1354.136  |l MZK  |r Sklad / do 1 hodiny  |n 0  |p p.v.  |w 001524435  |u 000010  |a 1  |e BOA001  |j MZK50  |s P